| 000 | 00367nam a2200133Ia 4500 | ||
|---|---|---|---|
| 008 | 240624s9999 xx 000 0 und d | ||
| 041 | _aeng | ||
| 082 | _a823 THA | ||
| 100 | _aTHAROOR SHASHI | ||
| 245 | _aELEPHANT THE TIGER AND THE CELLPHONE REFLECTIONS ON I | ||
| 260 |
_c2012 _aNew Delhi _bPenguin India |
||
| 300 | _axiii, : 387 : p. : cm. ; 19 | ||
| 365 |
_cRS _b25 |
||
| 999 |
_c23831 _d23831 |
||